| 000 | 00898nac a22002171u 4500 | ||
|---|---|---|---|
| 010 | _a 95024868 | ||
| 020 | _a1557389187 | ||
| 082 | 0 | 0 |
_a332.45 _bROS |
| 090 |
_c9612 _d9612 |
||
| 100 | _aRosenberg, Michael Roy | ||
| 245 | 1 | 0 |
_aCurrency forecasting : _ba guide to fundamental and technical models of exchange rate determination / _cMichael R. Rosenberg. |
| 260 |
_aChicago, Ill. : _bIrwin Professional Publishing,1996 _c1996. |
||
| 300 |
_axii, 388 p. : _bill. ; _c24 cm. |
||
| 500 | _adistributer: Al-Ahram | ||
| 504 | _aIncludes bibliographical references and index. | ||
| 511 | _acatalogued by: wessam | ||
| 650 | 0 |
_aForeign exchange rates _xMathematical models. |
|
| 650 | 0 |
_aForeign exchange _xForecasting _xMathematical models. |
|
| 856 | 4 | 2 |
_3Publisher description _uhttp://www.loc.gov/catdir/description/mh022/95024868.html |
| 942 |
_cBB _k332.45ROS |
||
| 999 |
_c9612 _d9612 |
||